000 00375nam a22001337a 4500
082 _a621.4021
_bROB
_cL-13, P-3
100 _aRobinson, William.
_941752
245 _aApplied thermodynamics.
260 _aLondon
_bSir Issac Pitman & Sons, Ltd.
300 _axi, 585 p. :
_bill. :
_c6 Cm
526 _a0
_b0
_c0
_d621_402100000000000_ROB
650 _aMCE
_9379
942 _2ddc
_cBK
999 _c545795
_d545795